| 000 | 00702nam a22002417a 4500 | ||
|---|---|---|---|
| 001 | 25506 | ||
| 005 | 20260428172937.0 | ||
| 008 | 260427b |||||||| |||| 00| 0 spa d | ||
| 020 | _a9786123113346 | ||
| 041 | _aESP | ||
| 082 |
_a348.6 _bG68 |
||
| 100 | _aGonzales Ramírez, Luis Álvaro | ||
| 245 | _aEl contrato de trabajo y sus modalidades | ||
| 260 |
_aLima : _bGaceta Jurídica, _c2016 |
||
| 300 |
_a174 páginas : _bcuadros ; _c24 cm. |
||
| 440 | _a ; | ||
| 650 | _aCIS | ||
| 653 | _aCotratos de trabajo, modelos, Perú | ||
| 654 | _aCDE | ||
| 700 | _a; | ||
| 856 |
_zVéase además: Biblioteca Digital _uhttps://itmsp.museknowledge.com/UCSP?groupID=2 |
||
| 942 |
_cLIB _dJUS _fMIP _n0 _2ddc |
||
| 999 |
_c25506 _d25506 |
||